Career education in the visual arts : representative programs and practices /

Bibliographic Details
Other Authors: Geahigan, George
Format: Book
Language:English
Published: Reston, Va. : National Art Education Association, [1980]
Series:Monograph (National Art Education Association) ; no. 2.
Subjects:

MARC

Tag First Indicator Second Indicator Subfields
LEADER 00000cam a2200000 a 4500
001 in00000090696
005 20150923130913.0
008 800605s1980 vaua 00000 eng d
035 |a (OCoLC)06391906 
035 |9 AAK6534AM 
040 |a MPC  |c MPC  |d m.c.  |d TXA  |d UtOrBLW 
049 |a TXAM  |c [1407152] 
090 |a N8350  |b  C3 
092 |a 702.3  |b C 
245 0 0 |a Career education in the visual arts :  |b representative programs and practices /  |c George Geahigan, editor. 
264 1 |a Reston, Va. :  |b National Art Education Association,  |c [1980] 
264 4 |c ©1980 
300 |a 127 pages :  |b illustrations ;  |c 23 cm. 
336 |a text  |b txt  |2 rdacontent 
337 |a unmediated  |b n  |2 rdamedia 
338 |a volume  |b nc  |2 rdacarrier 
490 1 |a Monograph / National Art Education Association ;  |v no. 2 
500 |a "A publication of the National Art Education Association Career Education Project." 
650 0 |a Art  |x Vocational guidance. 
700 1 |a Geahigan, George. 
830 0 |a Monograph (National Art Education Association) ;  |v no. 2. 
999 |a MARS 
999 f f |s 4630733e-142e-3e62-b5bb-4525e118c540  |i 850ac444-b342-3b5f-81f2-4dbda3029a20  |t 0 
952 f f |p normal  |a Texas A&M University  |b College Station  |c Sterling C. Evans Library  |d Evans: Library Stacks  |t 0  |e N8350 C3  |h Library of Congress classification  |i unmediated -- volume  |m A14806000699 
998 f f |a N8350 C3  |t 0  |l Evans: Library Stacks